[Event "Offene Hessische Senioren Einzelmeisters"]
[Site "Bad Sooden- Allendorf"]
[Date "2013.04.26"]
[Round "7.66"]
[White "Weyand, Fernand"]
[Black "Johannsen, Ingbert"]
[Result "1/2-1/2"]
[WhiteElo "1570"]
[BlackElo "1708"]
[PlyCount "59"]
[EventDate "2013.??.??"]
[WhiteTeam "SV Saarbrücken 1970 e.V."]
[BlackTeam "SG Witten"]

1. e4 e6 2. d4 b6 3. Nf3 Bb7 4. Bd3 d6 5. O-O Nf6 6. Bg5 Be7 7. Re1 O-O 8. Nbd2
Nbd7 9. Qe2 c5 10. c3 Re8 11. Rad1 a6 12. e5 Nd5 13. Bxe7 Qxe7 14. exd6 Qxd6
15. Ne4 Qe7 16. Qc2 Nf4 17. dxc5 Nxd3 18. Rxd3 Bxe4 19. Rxe4 Nxc5 20. Rh4 Nxd3
21. Qxd3 h6 22. g4 Red8 23. Qe4 f6 24. Kg2 Rac8 25. Nd4 Re8 26. Rh3 Qc5 27. Qg6
Qg5 28. Qe4 Rc5 29. Rh5 Qd2 30. Nb3 1/2-1/2

[Event "Offene Hessische Senioren Einzelmeisters"]
[Site "Bad Sooden- Allendorf"]
[Date "2013.04.26"]
[Round "7.67"]
[White "Ophoff, Rigobert"]
[Black "Bartels, Lothar"]
[Result "1/2-1/2"]
[WhiteElo "1706"]
[BlackElo "1568"]
[PlyCount "68"]
[EventDate "2013.??.??"]
[WhiteTeam "Rhedaer SV von 1931 e."]
[BlackTeam "SG Lasker Steglitz-Wilmersdorf"]

1. d4 Nf6 2. c4 e5 3. dxe5 Ng4 4. Nf3 Bc5 5. e3 Nc6 6. Nc3 Ngxe5 7. Be2 d6 8.
O-O O-O 9. b3 a6 10. Bb2 Re8 11. Nd4 Bd7 12. Nd5 Ba7 13. Qd2 Rc8 14. Rad1 Qg5
15. f4 Qh4 16. fxe5 Nxe5 17. Nf3 Nxf3+ 18. Rxf3 c6 19. Nf4 Bg4 20. Bd4 Bxf3 21.
Bxf3 Bb8 22. e4 d5 23. g3 Qh6 24. exd5 Bxf4 25. Qxf4 Qxf4 26. gxf4 c5 27. Bf2
b6 28. Re1 Kf8 29. Rxe8+ Kxe8 30. Kg2 f5 31. Be1 Kd7 32. Bc3 g6 33. Be5 b5 34.
Be2 b4 1/2-1/2

[Event "Offene Hessische Senioren Einzelmeisters"]
[Site "Bad Sooden- Allendorf"]
[Date "2013.04.26"]
[Round "7.68"]
[White "Schmieder, Wolfgang"]
[Black "Paulsen, Eckart"]
[Result "0-1"]
[WhiteElo "1586"]
[BlackElo "1696"]
[Annotator ",Microsoft"]
[PlyCount "104"]
[EventDate "2013.??.??"]
[WhiteTeam "Kasseler SK 1876"]
[BlackTeam "Post SV Neustadt"]

1. c4 e5 2. Nc3 Nf6 3. Nf3 d6 4. d4 Nbd7 5. d5 Be7 6. g3 O-O 7. Bg2 a6 8. a4 a5
9. O-O Nc5 10. Qc2 Bd7 11. Ng5 h6 12. Nge4 Ncxe4 13. Nxe4 Nxe4 14. Bxe4 f5 15.
Bg2 Qe8 16. e3 Qh5 17. b3 Bf6 18. Ra2 g5 19. f4 gxf4 20. exf4 e4 21. Be3 Qg6
22. Qd1 h5 23. Qe1 Kf7 24. Qf2 b6 25. Bd4 Rg8 26. Bxf6 Qxf6 27. Kh1 Rg7 28. Rg1
Rag8 29. Qb2 Qe7 30. Qe2 Rh7 31. Qe1 h4 32. gxh4 Rxh4 33. Qe3 Rgh8 34. Bf1 Qf6
35. Rag2 Kf8 36. Qg3 $11 Rg4 37. Qf2 Rxg2 38. Qxg2 Be8 39. Be2 Bf7 40. Qg5 Qxg5
41. Rxg5 Rh3 42. Rxf5 Ke7 43. Rg5 Rxb3 44. Rg3 Rb1+ 45. Rg1 Rb4 46. Ra1 Rb3 47.
Re1 Ra3 48. Bd1 Bg6 49. Bf3 Rxa4 50. Bxe4 Kf6 51. Bxg6 Kxg6 52. Rc1 Kf5 0-1

[Event "Offene Hessische Senioren Einzelmeisters"]
[Site "Bad Sooden- Allendorf"]
[Date "2013.04.26"]
[Round "7.69"]
[White "Kleist, Werner"]
[Black "Narr, Irmgard"]
[Result "0-1"]
[WhiteElo "1900"]
[BlackElo "1529"]
[PlyCount "103"]
[EventDate "2013.??.??"]
[WhiteTeam "Berlin"]
[BlackTeam "SC Mühlhof-Reichelsdorf e.V."]

1. b4 Nf6 2. Bb2 e6 3. b5 d6 4. e3 Be7 5. Nf3 b6 6. Be2 Bb7 7. O-O O-O 8. c4
Nbd7 9. Nd4 e5 10. Nf5 Re8 11. Nxe7+ Qxe7 12. d3 Nf8 13. Nd2 Ng6 14. Nf3 a5 15.
h3 Rad8 16. e4 Nf4 17. Bc1 Nxe2+ 18. Qxe2 h6 19. Nh2 Bc8 20. f4 exf4 21. Bxf4
Bd7 22. a4 Kh7 23. g4 g5 24. Bd2 Qe5 25. Qe1 Be6 26. Kh1 Nd7 27. Bc3 Qc5 28.
Nf3 d5 29. Bd4 Qd6 30. e5 Qf8 31. Qc3 dxc4 32. dxc4 Nc5 33. Rfe1 Bc8 34. Kg1
Ne6 35. Bf2 Bb7 36. Nd4 Nc5 37. Qe3 Ne4 38. Rab1 Rxe5 39. Bg3 Re7 40. Nc6 Bxc6
41. bxc6 Rde8 42. Qf3 Nxg3 43. Qxg3 Rxe1+ 44. Rxe1 Rxe1+ 45. Qxe1 Qc5+ 46. Kh2
Qxc6 47. Qb1+ Kg7 48. Qb2+ f6 49. Qc2 Qd6+ 50. Kg2 c5 51. Qe4 Qd2+ 52. Kg1 0-1

[Event "Offene Hessische Senioren Einzelmeisters"]
[Site "Bad Sooden- Allendorf"]
[Date "2013.04.26"]
[Round "7.70"]
[White "Wittmann, Georg"]
[Black "Völler, Lothar"]
[Result "0-1"]
[WhiteElo "1805"]
[BlackElo "1524"]
[PlyCount "92"]
[EventDate "2013.??.??"]
[WhiteTeam "SV 51 Zerbst"]
[BlackTeam "Dortmund"]

1. c4 g6 2. d4 Bg7 3. Nc3 c5 4. Nf3 d6 5. e3 Nd7 6. Be2 Ngf6 7. O-O O-O 8. e4
b6 9. Bg5 h6 10. Bf4 cxd4 11. Nxd4 Bb7 12. Be3 Nxe4 13. Nxe4 Bxe4 14. f3 Bb7
15. Qd2 Kh7 16. f4 Nf6 17. f5 Bc8 18. Bf3 d5 19. cxd5 Bxf5 20. Nxf5 gxf5 21.
Qc2 Qd7 22. Rad1 Rac8 23. Qd3 e5 24. dxe6 Qxd3 25. Rxd3 fxe6 26. Rfd1 e5 27.
Rd6 e4 28. Be2 Rc2 29. R1d2 Rfc8 30. Bd1 Rxd2 31. Bxd2 Rc5 32. Bc3 Rd5 33. Rxd5
Nxd5 34. Bxg7 Kxg7 35. Kf2 Kf6 36. a3 Ke5 37. Bb3 Nf4 38. Bc4 Ng6 39. g3 Ne7
40. Bf7 Nc6 41. Be8 Nd4 42. Bh5 Nb5 43. h4 Nd6 44. Be2 Kd4 45. Bf1 b5 46. Be2
a6 0-1

[Event "Offene Hessische Senioren Einzelmeisters"]
[Site "Bad Sooden- Allendorf"]
[Date "2013.04.26"]
[Round "7.71"]
[White "Brahn, Helmut"]
[Black "Huhn, Ulrich"]
[Result "0-1"]
[WhiteElo "1547"]
[BlackElo "1757"]
[PlyCount "80"]
[EventDate "2013.??.??"]
[WhiteTeam "SG Springer Burghaun"]
[BlackTeam "SF Siemensstadt"]

1. c4 d5 2. cxd5 Nf6 3. Nc3 Nxd5 4. Nxd5 Qxd5 5. e3 e5 6. d3 Bb4+ 7. Bd2 Qa5 8.
Nf3 Bg4 9. Be2 Bxd2+ 10. Nxd2 Bxe2 11. Qxe2 Nc6 12. O-O Rd8 13. Nc4 Qd5 14.
Rfd1 O-O 15. b3 Rfe8 16. Rac1 Re7 17. e4 Nd4 18. Qd2 Qe6 19. Kf1 c6 20. Qa5 b6
21. Qc3 Qg4 22. Rd2 Re6 23. Ne3 Qh5 24. h3 Rg6 25. Nf5 Nxf5 26. exf5 Qxf5 27.
Re1 Re6 28. Re4 f6 29. Rc4 c5 30. b4 cxb4 31. Qxb4 Red6 32. Rc3 Kh8 33. Qb3 h6
34. Rc7 R6d7 35. Qc4 Rxc7 36. Qxc7 Qd7 37. Qc4 Rc8 38. Qb3 Qd4 39. Rd1 Rc3 40.
Qb5 Rc2 0-1

[Event "Offene Hessische Senioren Einzelmeisters"]
[Site "Bad Sooden- Allendorf"]
[Date "2013.04.26"]
[Round "7.72"]
[White "Rother, Wilfried"]
[Black "Hartlaub, Marianne"]
[Result "1-0"]
[WhiteElo "1545"]
[BlackElo "1388"]
[Annotator ",Microsoft"]
[PlyCount "36"]
[EventDate "2013.??.??"]
[WhiteTeam "SK 1950 Vellmar"]
[BlackTeam "SK 1982 Klingenberg/Main"]

1. e4 d6 2. Nc3 Nf6 3. d4 c6 4. Bd3 e5 5. Nge2 a6 6. O-O g6 7. dxe5 dxe5 8. Bg5
Bg7 9. Qd2 O-O 10. Rad1 Qc7 11. Qc1 Be6 12. f4 Nbd7 13. Kh1 exf4 14. Nxf4 Bg4
15. Rde1 Rae8 16. h3 Be6 17. b4 Qd6 18. Nd1 h6 {rest nicht rekonstruierbar,
fehlende Notation} 1-0

[Event "Offene Hessische Senioren Einzelmeisters"]
[Site "Bad Sooden- Allendorf"]
[Date "2013.04.26"]
[Round "7.73"]
[White "Burkardt, Robert"]
[Black "Voermans, Adri"]
[Result "1/2-1/2"]
[WhiteElo "1507"]
[BlackElo "1756"]
[PlyCount "86"]
[EventDate "2013.??.??"]
[WhiteTeam "SV 1926 Fechenheim"]
[BlackTeam "Discendo Discimus"]

1. e4 c5 2. Nf3 g6 3. c3 Bg7 4. Bc4 Nc6 5. O-O b6 6. d3 Bb7 7. Be3 Na5 8. Bb3
Nxb3 9. Qxb3 Nf6 10. h3 O-O 11. Bg5 d5 12. exd5 Bxd5 13. Qd1 Qc7 14. Nbd2 Rad8
15. Qe2 Qb7 16. Rfe1 Be6 17. Nb3 b5 18. Nxc5 Qc6 19. Nxe6 fxe6 20. Qxe6+ Qxe6
21. Rxe6 h6 22. Be3 Kf7 23. Ra6 Ra8 24. Rxa7 Rxa7 25. Bxa7 Nd5 26. Bc5 Rc8 27.
d4 Nf4 28. Kf1 Nd3 29. b4 Ra8 30. a3 g5 31. g3 e6 32. Ke2 Nb2 33. Ra2 Nc4 34.
Kd3 e5 35. Nxe5+ Nxe5+ 36. Ke4 Nc4 37. Kd3 Ke6 38. a4 Rxa4 39. Rxa4 Nb2+ 40.
Ke4 bxa4 41. b5 Nd1 42. f4 Nf2+ 43. Kf3 Nxh3 1/2-1/2

[Event "Offene Hessische Senioren Einzelmeisters"]
[Site "Bad Sooden- Allendorf"]
[Date "2013.04.26"]
[Round "7.74"]
[White "Bendisch, Dr. Jürgen"]
[Black "Dombrowe, Eckehard"]
[Result "1/2-1/2"]
[WhiteElo "1701"]
[BlackElo "1562"]
[Annotator ",Microsoft"]
[PlyCount "41"]
[EventDate "2013.??.??"]
[WhiteTeam "SV Hennef 1927 e.V."]
[BlackTeam "SG Nettetal 1929"]

1. d4 d5 2. Nf3 Nf6 3. Bf4 Bf5 4. e3 Nh5 5. Bg3 Nxg3 6. hxg3 h6 7. Bd3 Bxd3 8.
Qxd3 e6 9. Nbd2 Qe7 10. O-O Nd7 11. e4 dxe4 12. Qxe4 c6 13. Rfe1 Nf6 14. Qd3
Qc7 15. Rad1 Rd8 16. Ne4 Be7 17. Qe2 O-O 18. c3 Rd7 19. Ne5 Rdd8 20. g4 Nxe4
21. Qxe4 {rest nicht rekonstruierbar} 1/2-1/2

[Event "Offene Hessische Senioren Einzelmeisters"]
[Site "Bad Sooden- Allendorf"]
[Date "2013.04.26"]
[Round "7.75"]
[White "Geisler, Reinhard"]
[Black "Baier, Peter"]
[Result "1-0"]
[WhiteElo "1697"]
[BlackElo "1479"]
[Annotator ",Microsoft"]
[PlyCount "70"]
[EventDate "2013.??.??"]
[WhiteTeam "SK Werther 1949 e.V."]
[BlackTeam "TTC Blau-Weiß Geldern Veert e.V."]

1. Nf3 Nf6 2. c4 d6 3. Nc3 e5 4. g3 Nc6 5. Bg2 Be7 6. d3 h6 7. a3 Rb8 8. b4 a6
9. Qc2 O-O 10. Rb1 Bd7 11. a4 Qc8 12. e3 Na7 13. b5 axb5 14. axb5 Ra8 15. d4
Bh3 16. O-O Bxg2 17. Kxg2 Nd7 18. Nd5 Bd8 19. dxe5 Nxe5 20. Nxe5 dxe5 21. Bb2
c6 $11 22. bxc6 bxc6 23. Nc3 Qe6 24. Ra1 Qxc4 25. Ra4 Qe6 26. Ba3 Be7 27. Bxe7
Qxe7 28. Rfa1 Qb7 29. Qa2 Nb5 30. Rxa8 c5+ 31. Kg1 Nxc3 32. Rxf8+ Kh7 33. Qxf7
Ne2+ 34. Kf1 Nxg3+ 35. hxg3 Qb5+ 1-0

[Event "Offene Hessische Senioren Einzelmeisters"]
[Site "Bad Sooden- Allendorf"]
[Date "2013.04.26"]
[Round "7.76"]
[White "Hesse, Klaus Dieter"]
[Black "Köhler, Marianne"]
[Result "1-0"]
[WhiteElo "1668"]
[BlackElo "1438"]
[PlyCount "87"]
[EventDate "2013.??.??"]
[WhiteTeam "SK Stadtallendorf"]
[BlackTeam "SG 2011 Sennewit"]

1. e4 e6 2. d4 d5 3. Nc3 Bb4 4. e5 c5 5. a3 Bxc3+ 6. bxc3 c4 7. Qg4 g6 8. Nf3
f5 9. Qg3 Ne7 10. h4 Nbc6 11. h5 Rg8 12. Ng5 gxh5 13. Rxh5 Kd7 14. Rxh7 Qe8 15.
Qh4 b6 16. Be2 Qf8 17. Be3 Nd8 18. O-O-O Kc6 19. Bh5 Bd7 20. Rh1 Rg7 21. g3
Rxh7 22. Nxh7 Qg7 23. Nf6 Nf7 24. Bxf7 Qxf7 25. Qg5 Qf8 26. Rh7 Rd8 27. Rg7 b5
28. Nh7 Qe8 29. Rxe7 Qh8 30. Qf6 Re8 31. Kb2 a5 32. Qxh8 Rxh8 33. Nf6 Rd8 34.
Rxd7 Rxd7 35. Nxd7 Kxd7 36. Kc1 a4 37. Kd1 Ke7 38. Ke2 Kf7 39. Kf3 Kg7 40. Kg2
Kg6 41. Kh3 Kh5 42. f3 Kg6 43. g4 fxg4+ 44. fxg4 1-0

[Event "Offene Hessische Senioren Einzelmeisters"]
[Site "Bad Sooden- Allendorf"]
[Date "2013.04.26"]
[Round "7.77"]
[White "Mittelstaedt, Ewald"]
[Black "Aepfler, Gerhard"]
[Result "0-1"]
[WhiteElo "1375"]
[BlackElo "1657"]
[PlyCount "70"]
[EventDate "2013.??.??"]
[WhiteTeam "SC Tarrasch 45 München"]
[BlackTeam "TSG Apolda"]

1. d4 d5 2. c3 Nf6 3. Nf3 g6 4. Ne5 Bg7 5. h3 Nbd7 6. Bf4 O-O 7. Nd2 Nh5 8.
Nxd7 Qxd7 9. Bh2 f5 10. e3 Bh6 11. Be2 f4 12. Bg4 Qe8 13. e4 dxe4 14. Nxe4 Bf5
15. Bf3 Nf6 16. Nc5 e5 17. O-O e4 18. Re1 Qc6 19. Qb3+ Kh8 20. Be2 b6 21. Bb5
Qd6 22. g4 bxc5 23. dxc5 Qxc5 24. gxf5 gxf5 25. Qc4 Rg8+ 26. Kf1 Qe7 27. Bc6
Rab8 28. b3 Qg7 29. Ke2 Qg2 30. Rg1 Qxh2 31. Rxg8+ Rxg8 32. Qd4 f3+ 33. Kd1
Qg1+ 34. Kc2 Qxa1 35. Qxf6+ Bg7 0-1

[Event "Offene Hessische Senioren Einzelmeisters"]
[Site "Bad Sooden- Allendorf"]
[Date "2013.04.26"]
[Round "7.78"]
[White "Borkenhagen, Bernd"]
[Black "Rüggeberg, Wilhelm"]
[Result "0-1"]
[WhiteElo "1340"]
[BlackElo "1641"]
[PlyCount "72"]
[EventDate "2013.??.??"]
[WhiteTeam "SK Rinteln"]
[BlackTeam "Sfr.Saarburg-Trier"]

1. d4 Nf6 2. e3 d5 3. Nd2 Bf5 4. Bd3 Bxd3 5. cxd3 c6 6. Ngf3 e6 7. a3 Be7 8. h3
Nbd7 9. b4 O-O 10. O-O Rc8 11. Nb3 b6 12. Bb2 c5 13. dxc5 bxc5 14. bxc5 Nxc5
15. Nxc5 Bxc5 16. Bxf6 Qxf6 17. d4 Bd6 18. Rc1 Bxa3 19. Rxc8 Rxc8 20. Qa4 Qe7
21. Ne5 Bd6 22. Qd7 Qxd7 23. Nxd7 f6 24. Rb1 Kf7 25. g3 Ke7 26. Rb7 Rc7 27. Nc5
Rxb7 28. Nxb7 Bb4 29. Kf1 Kd7 30. Ke2 Kc7 31. Nc5 Bxc5 32. dxc5 Kc6 33. Kd3
Kxc5 34. Kc3 a5 35. f3 e5 36. g4 g5 0-1

[Event "Offene Hessische Senioren Einzelmeisters"]
[Site "Bad Sooden- Allendorf"]
[Date "2013.04.26"]
[Round "7.79"]
[White "Fritsch, Wolfgang"]
[Black "Graffenberger, Marianne"]
[Result "0-1"]
[WhiteElo "1613"]
[BlackElo "1229"]
[PlyCount "108"]
[EventDate "2013.??.??"]
[WhiteTeam "SV Empor Bad Langensalza"]
[BlackTeam "Hamburger SK von 1830 eV"]

1. e4 e5 2. Nc3 Nf6 3. f4 Nc6 4. Nf3 d6 5. Bc4 Be7 6. d4 exd4 7. Nxd4 Bg4 8.
Nf3 O-O 9. O-O Na5 10. Be2 c5 11. h3 Bxf3 12. Bxf3 Qb6 13. Kh1 Rad8 14. Qe2 Nc6
15. Nd5 Qa6 16. Qxa6 bxa6 17. Nxe7+ Nxe7 18. Bd2 d5 19. e5 Ne4 20. Bxe4 dxe4
21. Rad1 Nf5 22. Kh2 h5 23. Ba5 Rxd1 24. Rxd1 Ne3 25. Re1 Nxc2 26. Rxe4 Rc8 27.
Rc4 Ne3 28. Rc1 c4 29. Kg1 Rb8 30. Bd2 Nf5 31. Bc3 h4 32. Rd1 Rb7 33. Kf2 Ng3
34. Rd4 Rc7 35. Kf3 Nf5 36. Rd8+ Kh7 37. Ke4 Ng3+ 38. Kd5 Nf5 39. Bb4 Ne3+ 40.
Kd6 Rb7 41. Bc3 Nf5+ 42. Kd5 Rc7 43. Bd4 Ne7+ 44. Kd6 Rb7 45. Rd7 Nf5+ 46. Kc6
Rxd7 47. Kxd7 Nxd4 48. Kd6 Nf5+ 49. Kd5 Ne3+ 50. Kc5 Nxg2 51. f5 Nf4 52. Kxc4
Nxh3 53. Kd5 Nf4+ 54. Kd6 h3 0-1

[Event "Offene Hessische Senioren Einzelmeisters"]
[Site "Bad Sooden- Allendorf"]
[Date "2013.04.26"]
[Round "7.80"]
[White "Bill, Eugen"]
[Black "Janzen, Christian"]
[Result "1-0"]
[WhiteElo "1496"]
[BlackElo "1597"]
[PlyCount "69"]
[EventDate "2013.??.??"]
[WhiteTeam "SV Lahn Limburg"]
[BlackTeam "TSV Marienfelde 1890 e.V."]

1. d4 d5 2. c4 e6 3. Nc3 c6 4. Nf3 Nd7 5. e3 Ngf6 6. Bd3 b6 7. O-O Bb7 8. b3
Bd6 9. Bb2 Qc7 10. h3 h5 11. Rc1 dxc4 12. Bxc4 Rh6 13. e4 Bb4 14. Re1 a6 15. d5
Ng8 16. dxe6 fxe6 17. Ng5 Nf8 18. a3 Be7 19. Nf3 b5 20. Bd3 O-O-O 21. Qc2 c5
22. Ne2 Nf6 23. Ne5 Bd6 24. Nf3 e5 25. Ng3 g6 26. Qd2 Rh8 27. Bc3 Qd7 28. Bxe5
Bxe5 29. Nxe5 Qd4 30. Rxc5+ Kb8 31. Nc6+ Bxc6 32. Rxc6 Qxd3 33. Qf4+ Ka8 34.
Rxa6+ Kb7 35. Qxf6 1-0

[Event "Offene Hessische Senioren Einzelmeisters"]
[Site "Bad Sooden- Allendorf"]
[Date "2013.04.26"]
[Round "7.81"]
[White "Plischke, Berthold"]
[Black "Hopp, Dr. Barbara"]
[Result "1-0"]
[WhiteElo "1828"]
[BlackElo "1464"]
[PlyCount "49"]
[EventDate "2013.??.??"]
[WhiteTeam "SV Wesel 1928 e.V."]
[BlackTeam "SV Oberursel"]

1. e4 c5 2. Nf3 a6 3. Nc3 e6 4. d4 cxd4 5. Nxd4 Nc6 6. Bc4 Be7 7. Be3 Ne5 8.
Bb3 Nf6 9. f4 Nc6 10. e5 Nxd4 11. exf6 Nxb3 12. fxe7 Qxe7 13. axb3 O-O 14. O-O
d5 15. f5 f6 16. Qf3 Rd8 17. Bb6 Rd7 18. Rfe1 d4 19. Rxe6 Qf7 20. Rae1 h6 21.
Re8+ Kh7 22. Na4 a5 23. Nc5 Rd6 24. R1e7 Qd5 25. Qg4 1-0

[Event "Offene Hessische Senioren Einzelmeisters"]
[Site "Bad Sooden- Allendorf"]
[Date "2013.04.26"]
[Round "7.82"]
[White "Knaak, Hans"]
[Black "Schiller, Hans"]
[Result "0-1"]
[WhiteElo "1463"]
[BlackElo "1586"]
[PlyCount "72"]
[EventDate "2013.??.??"]
[WhiteTeam "Forster SC 95"]
[BlackTeam "SF Bad Lausick"]

1. d4 d5 2. c4 c6 3. Nf3 Nf6 4. Nc3 e6 5. Bg5 Be7 6. e3 O-O 7. Rc1 Nbd7 8. Be2
a6 9. O-O dxc4 10. Bxc4 b5 11. Bd3 c5 12. a3 Bb7 13. dxc5 Nxc5 14. Be2 Qb6 15.
b4 Nce4 16. Bf4 Rfd8 17. Nd4 Nxc3 18. Rxc3 Nd5 19. Rc1 Nxf4 20. Bf3 Nd5 21. Qb3
Rac8 22. Be4 Nf6 23. Bb1 Bd5 24. Qb2 Qb7 25. f3 Bc4 26. Rf2 Qb6 27. Rfc2 Nd5
28. Kf2 Bf6 29. Rd2 g6 30. Re1 Bg7 31. e4 e5 32. exd5 exd4 33. Bd3 Rxd5 34. Qb1
Qd6 35. g3 Bxd3 36. Rxd3 Re5 0-1

[Event "Offene Hessische Senioren Einzelmeisters"]
[Site "Bad Sooden- Allendorf"]
[Date "2013.04.26"]
[Round "7.83"]
[White "Ludwig, Richard"]
[Black "Heil, Rudolf"]
[Result "1/2-1/2"]
[WhiteElo "1451"]
[BlackElo "1583"]
[PlyCount "35"]
[EventDate "2013.??.??"]
[WhiteTeam "SV Irxleben von 1919"]
[BlackTeam "SC Starnberg"]

1. e4 Nc6 2. Nc3 e5 3. Nf3 Bc5 4. Bc4 Nf6 5. d3 O-O 6. a3 d6 7. Bg5 Be6 8. Bxe6
fxe6 9. Na4 Bb6 10. Nxb6 axb6 11. O-O Qe8 12. Bxf6 Rxf6 13. c3 Qg6 14. Nh4 Qf7
15. Qd2 Rf8 16. b4 Rh6 17. g3 Rf6 18. Ra2 1/2-1/2

[Event "Offene Hessische Senioren Einzelmeisters"]
[Site "Bad Sooden- Allendorf"]
[Date "2013.04.26"]
[Round "7.84"]
[White "Stratmann, Alois"]
[Black "Daebel, Dr. Hasso"]
[Result "0-1"]
[WhiteElo "1366"]
[BlackElo "1538"]
[Annotator ",Microsoft"]
[PlyCount "92"]
[EventDate "2013.??.??"]
[WhiteTeam "SV Ahlen 1954 e.V."]
[BlackTeam "Drewer (Marl) SG"]

1. c4 e5 2. Nc3 c6 3. Nf3 d6 4. g3 Be6 5. d3 Be7 6. Bg2 Nf6 7. O-O h6 8. Qb3
Qc8 9. Re1 Na6 10. a3 Nc5 11. Qc2 Bh3 12. Bh1 Qe6 13. b4 Ncd7 14. b5 c5 15. Nd2
Rb8 16. Nde4 O-O 17. Nxf6+ Nxf6 18. Nd5 Nxd5 19. Bxd5 Qg6 20. e4 h5 21. Qe2 Kh8
22. Qe3 f5 23. exf5 Bxf5 24. Be4 h4 25. Bd2 hxg3 26. Qxg3 Qxg3+ 27. hxg3 Bxe4
28. Rxe4 Rf3 29. Be3 b6 30. Kg2 Rf7 31. Rh1+ Kg8 32. Rf1 g5 33. Rg1 Rh7 34. Rh1
Rxh1 35. Kxh1 Kf7 36. Kg2 Rg8 37. Rg4 Bf6 38. f3 Kg6 39. Bf2 Ra8 40. Re4 Be7
41. Re2 a6 42. a4 axb5 43. axb5 Ra3 44. Rd2 Kf6 45. g4 Ke6 46. Rd1 Ra2 {rest
nicht rekonstruierbar} 0-1

[Event "Offene Hessische Senioren Einzelmeisters"]
[Site "Bad Sooden- Allendorf"]
[Date "2013.04.26"]
[Round "7.85"]
[White "Hegner, Peter"]
[Black "Grasmik, Waldemar"]
[Result "0-1"]
[WhiteElo "1521"]
[BlackElo "1358"]
[PlyCount "120"]
[EventDate "2013.??.??"]
[WhiteTeam "SC Bad Soden"]
[BlackTeam "TSV 1876 Bad Kissingen"]

1. e4 d5 2. exd5 c6 3. d4 cxd5 4. Nf3 a6 5. Nc3 Nc6 6. Bg5 g6 7. Be2 Bg7 8. O-O
Bf6 9. Qd2 Bxg5 10. Qxg5 Nf6 11. Rad1 Bg4 12. Ne5 h6 13. Qf4 g5 14. Qe3 h5 15.
Nxc6 bxc6 16. f3 Bf5 17. Rd2 Qd6 18. Qxg5 Be6 19. f4 Rg8 20. Qe5 Qb4 21. f5 Bc8
22. Rb1 Rg5 23. Bd3 c5 24. Re2 Qxd4+ 25. Qxd4 cxd4 26. Na4 Bxf5 27. Bxf5 Rxf5
28. Rd1 Rf4 29. Nc5 e6 30. b4 a5 31. a3 axb4 32. axb4 Ke7 33. g3 Rg4 34. Nd3
Ne4 35. Nf2 Nxf2 36. Rxf2 Rb8 37. Rb1 f5 38. Kg2 h4 39. Rf4 Rxf4 40. gxf4 Rg8+
41. Kf3 h3 42. Rf1 Kd6 43. Rf2 Kc6 44. Re2 Rg6 45. Rd2 Kb5 46. Rxd4 Rg2 47. c3
Rxh2 48. Kg3 Rh1 49. Rd2 Kc4 50. Re2 Kxc3 51. b5 d4 52. b6 d3 53. Rxe6 d2 54.
Rc6+ Kd3 55. Rd6+ Ke2 56. Re6+ Kf1 57. Rd6 Rg1+ 58. Kxh3 Ke2 59. b7 Rb1 60.
Re6+ Kf3 0-1

[Event "Offene Hessische Senioren Einzelmeisters"]
[Site "Bad Sooden- Allendorf"]
[Date "2013.04.26"]
[Round "7.86"]
[White "Otto, Klaus"]
[Black "Ludwig, Siegfried"]
[Result "1-0"]
[WhiteElo "1520"]
[BlackElo "1348"]
[PlyCount "97"]
[EventDate "2013.??.??"]
[WhiteTeam "Thüringer SV Triebes"]
[BlackTeam "GSV Hemmingen"]

1. e4 e5 2. Nf3 Nc6 3. Bc4 h6 4. O-O d6 5. h3 Nf6 6. Nc3 a6 7. d4 Be7 8. Re1
O-O 9. d5 Na5 10. Bd3 c6 11. b4 cxd5 12. bxa5 d4 13. Ne2 Qxa5 14. Bd2 Qc7 15.
Rc1 d5 16. exd5 e4 17. Nexd4 exd3 18. cxd3 Qd8 19. Qc2 Nxd5 20. Qc4 Qd6 21. Qb3
Bf6 22. Re4 Bd7 23. Qb1 Bc6 24. Nxc6 bxc6 25. Rec4 Rfc8 26. Qc2 Ne7 27. Bb4 Qd7
28. Bxe7 Bxe7 29. Rxc6 Rd8 30. Ne1 Bg5 31. Rb1 Re8 32. Nf3 Bf4 33. Qc4 Rad8 34.
Rd1 a5 35. Rc5 Qa7 36. Rd5 Bg3 37. Qd4 Bxf2+ 38. Kxf2 Qc7 39. Rxd8 Rxd8 40. Qe3
Rd6 41. d4 Re6 42. Qd3 g6 43. d5 Qb6+ 44. Qd4 Rf6 45. Qxb6 Rxb6 46. d6 Rb8 47.
d7 Rd8 48. Ne5 Kf8 49. Nc6 1-0

[Event "Offene Hessische Senioren Einzelmeisters"]
[Site "Bad Sooden- Allendorf"]
[Date "2013.04.26"]
[Round "7.87"]
[White "Lübbers, Dr. Doris"]
[Black "Hielscher, Klaus"]
[Result "1/2-1/2"]
[WhiteElo "1335"]
[BlackElo "1519"]
[Annotator ",Microsoft"]
[PlyCount "102"]
[EventDate "2013.??.??"]
[WhiteTeam "Sfr. Taunus Königstein/Schwalbac"]
[BlackTeam "Braunschweiger SF"]

1. d4 Nf6 2. Nf3 e6 3. e3 a6 4. Bd3 c5 5. b3 cxd4 6. exd4 d5 7. O-O Be7 8. Bb2
O-O 9. c4 b6 10. Ba3 Bb7 11. Bxe7 Qxe7 12. Nbd2 Nbd7 13. Rc1 Rac8 14. Ne5 Rfd8
15. Ndf3 Nf8 16. Qe2 Ne4 17. cxd5 Nc3 18. Qb2 Nxd5 19. Rxc8 Rxc8 20. Rc1 Rc7
21. Bc4 f6 22. Ng4 Nf4 23. Ne1 b5 24. Bf1 Nd5 25. Ne3 Nxe3 26. fxe3 Bd5 27. Be2
Rxc1 28. Qxc1 e5 29. dxe5 Qxe5 30. Bf3 Bf7 31. Nd3 Qe7 32. Nf4 g5 33. Ne2 Ne6
34. Ng3 Qc5 35. Qxc5 Nxc5 36. Ne4 Nxe4 37. Bxe4 a5 38. Kf2 a4 39. Bc2 Kg7 40.
Ke2 axb3 41. Bxb3 Bg6 42. Kd2 Be8 43. a3 f5 44. Bd5 Kf6 45. g3 Ke5 46. Bb7 Bd7
47. Ba8 h5 48. Bf3 Be8 49. Bb7 f4 50. exf4+ gxf4 51. Bf3 Kf5 {rest nicht
rekonstruierbar} 1/2-1/2

[Event "Offene Hessische Senioren Einzelmeisters"]
[Site "Bad Sooden- Allendorf"]
[Date "2013.04.26"]
[Round "7.89"]
[White "Fister, Horst-Lothar"]
[Black "Graffenberger, Wilhelm"]
[Result "0-1"]
[WhiteElo "1301"]
[BlackElo "1515"]
[Annotator ",Microsoft"]
[PlyCount "85"]
[EventDate "2013.??.??"]
[WhiteTeam "SK Werther 1949 e.V."]
[BlackTeam "Hamburger SK von 1830 eV"]

1. Nf3 d5 2. d4 Nf6 3. e3 Bg4 4. c4 c6 5. h3 Bf5 6. cxd5 cxd5 7. Nc3 Nc6 8. a3
h6 9. Bb5 e6 10. Ne5 Rc8 11. Qa4 Qb6 12. O-O Bd6 13. f4 O-O 14. Qd1 Qc7 15. Qe1
Ne4 16. Nxe4 Bxe4 17. Qh4 Be7 18. Qg3 Qd8 19. Bd2 Nxe5 20. fxe5 Qb6 21. Ba4
Qxb2 22. Bb4 Bxb4 23. axb4 Qxb4 24. Rf6 Kh7 25. Rff1 Qe7 26. Bd1 b5 27. Bf3 Bd3
28. Rfd1 Bg6 29. Be2 b4 30. Bd3 Qc7 31. Qe1 Qb6 32. Ra6 Qb8 33. Bxg6+ Kxg6 34.
Qd2 Kh7 35. Rb1 Rc4 36. Qa2 Rc7 37. Rb3 Rfc8 38. Kh2 Qb5 39. Ra5 Qf1 40. Qb1+
Qxb1 41. Rxb1 Rh8 42. Rc5 Rb7 43. Rb3 {rest nicht rekonstruierbar} 0-1

[Event "Offene Hessische Senioren Einzelmeisters"]
[Site "Bad Sooden- Allendorf"]
[Date "2013.04.26"]
[Round "7.90"]
[White "Wieprecht, Gerhard"]
[Black "Schumacher, Ursula"]
[Result "1-0"]
[WhiteElo "1639"]
[BlackElo "1383"]
[PlyCount "73"]
[EventDate "2013.??.??"]
[WhiteTeam "SV CAISSA e. V. Kassel"]
[BlackTeam "HTC Bad Neuenahr"]

1. e4 c6 2. c4 d5 3. exd5 cxd5 4. cxd5 Qxd5 5. Nc3 Qd8 6. Nf3 Nc6 7. Bb5 Bd7 8.
d4 Nf6 9. O-O a6 10. Ba4 b5 11. Bb3 e6 12. d5 exd5 13. Nxd5 Nxd5 14. Qxd5 Qf6
15. Bg5 Qf5 16. Rfe1+ Be7 17. Rxe7+ Nxe7 18. Qxa8+ Bc8 19. Bxe7 Kxe7 20. Re1+
Kf6 21. Qe4 Qxe4 22. Rxe4 g6 23. h3 Be6 24. Bxe6 fxe6 25. Rd4 Rc8 26. Rd2 Rc5
27. Kf1 e5 28. Ke2 Rc4 29. g4 h6 30. b3 Re4+ 31. Kd3 Rf4 32. Ke3 Ke6 33. Rc2
Kd6 34. Nd2 Kd5 35. f3 g5 36. Ne4 Rf8 37. Rc5+ 1-0